Foundations of computational imaging : (Record no. 172251)

MARC details
000 -LEADER
fixed length control field 00989nam a22002537a 4500
003 - CONTROL NUMBER IDENTIFIER
control field OSt
005 - DATE AND TIME OF LATEST TRANSACTION
control field 20250819121503.0
008 - FIXED-LENGTH DATA ELEMENTS--GENERAL INFORMATION
fixed length control field 250715b |||||||| |||| 00| 0 eng d
020 ## - INTERNATIONAL STANDARD BOOK NUMBER
International Standard Book Number 9781611977127 (Paperback)
Terms of availability USD 80.00
040 ## - CATALOGING SOURCE
Original cataloging agency NUST
Language of cataloging eng
Transcribing agency NUST
Modifying agency NUST
Description conventions rda
050 ## - LIBRARY OF CONGRESS CALL NUMBER
Classification number TA1637.5 BOU
100 ## - MAIN ENTRY--PERSONAL NAME
Personal name Bouman, Charles A
Relator term Author
245 ## - TITLE STATEMENT
Title Foundations of computational imaging :
Remainder of title a model-based approach /
Statement of responsibility, etc. Charles A. Bouman.
260 ## - PUBLICATION, DISTRIBUTION, ETC.
Place of publication, distribution, etc. Philadelphia :
Name of publisher, distributor, etc. Society for Industrial and Applied Mathematics,
Date of publication, distribution, etc. ©2022.
300 ## - PHYSICAL DESCRIPTION
Extent xi, 337 pages :
Other physical details Ilustrations ;
Dimensions 26 cm.
336 ## - CONTENT TYPE
Source rdamedia
Content type term text
Content type code txt
337 ## - MEDIA TYPE
Source rdamedia
Media type term unmediated
Media type code n
338 ## - CARRIER TYPE
Source rdamedia
Carrier type term volume
Carrier type code nc
504 ## - BIBLIOGRAPHY, ETC. NOTE
Bibliography, etc. note Includes bibliographical references and index.
650 ## - SUBJECT ADDED ENTRY--TOPICAL TERM
Form subdivision Technology Engineering Civil Engineering (General). 
650 ## - SUBJECT ADDED ENTRY--TOPICAL TERM
Form subdivision Computer science, information and general works .
650 ## - SUBJECT ADDED ENTRY--TOPICAL TERM
Form subdivision Computer Graphics.
942 ## - ADDED ENTRY ELEMENTS (KOHA)
Source of classification or shelving scheme Library of Congress Classification
Koha item type Ordinary Loan Books
Classification part TA1637.5 BOU
Call number prefix TA
Call number suffix BOU
Suppress in OPAC No
Holdings
Withdrawn status Lost status Source of classification or shelving scheme Damaged status Not for loan Collection Home library Current library Shelving location Date acquired Source of acquisition Cost, normal purchase price Total Checkouts Full call number Barcode Date last seen Accession number Cost, replacement price Price effective from Koha item type Public note
    LCC     NFIC MAIN MAIN GEN 07/15/2025 Book Aid International 80.00   TA1637.5 BOU 92004055901 07/15/2025 61760 80.00 07/15/2025 BOOKS Donation